书目信息 |
| 题名: |
建筑设备安装与BIM实务
|
|
| 作者: | 朱维香 , 沈咏军 主编 | |
| 分册: | ||
| 出版信息: | 北京 中国建筑工业出版社 2024.08 |
|
| 页数: | 390页 | |
| 开本: | 26cm | |
| 丛书名: | 高等职业教育土建施工类专业BIM系列教材 | |
| 单 册: | ||
| 中图分类: | TU8-39 | |
| 科图分类: | ||
| 主题词: | 房屋建筑设备--fang wu jian zhu she bei--建筑安装--应用软件--高等职业教育--教材 | |
| 电子资源: | ||
| ISBN: | 978-7-112-29869-3 | |
| 000 | 01314nam 2200289 450 | |
| 001 | 91424 | |
| 005 | 20250816212720.75 | |
| 010 | @a978-7-112-29869-3@dCNY70.00 | |
| 100 | @a20240828d2024 em y0chiy50 ea | |
| 101 | 0 | @achi |
| 102 | @aCN@b110000 | |
| 105 | @aa a 000yy | |
| 106 | @ar | |
| 200 | 1 | @a建筑设备安装与BIM实务@Ajian zhu she bei an zhuang yu BIM shi wu@f朱维香, 沈咏军主编 |
| 210 | @a北京@c中国建筑工业出版社@d2024.08 | |
| 215 | @a390页@c图@d26cm | |
| 225 | 2 | @a高等职业教育土建施工类专业BIM系列教材@Agao deng zhi ye jiao yu tu jian shi gong lei zhuan ye BIMxi lie jiao cai |
| 300 | @a住房和城乡建设部“十四五”规划教材 | |
| 320 | @a有书目 (第390页) | |
| 330 | @a本书结合“擅识图、懂规范、精施工、会管理”的土建类专业岗位任职要求, 分为5个项目, 内容包括建筑设备工程、建筑给水排水工程、建筑暖通空调工程、建筑电气工程、建筑设备BIM综合应用。培养学生设备安装与土建施工间协调配合处理能力及精细化管理能力, 拓展并完善学生专业知识结构, 提升学生综合职业能力。 | |
| 410 | 0 | @12001 @a高等职业教育土建施工类专业BIM系列教材 |
| 606 | 0 | @a房屋建筑设备@Afang wu jian zhu she bei@x建筑安装@x应用软件@x高等职业教育@j教材 |
| 690 | @aTU8-39@v5 | |
| 701 | 0 | @a朱维香@Azhu wei xiang@4主编 |
| 701 | 0 | @a沈咏军@Ashen yong jun@4主编 |
| 801 | 0 | @aCN@c20250909 |
| 905 | @a河南城建学院图书馆@dTU8-39@eZ880@f1 | |
| 建筑设备安装与BIM实务/朱维香, 沈咏军主编.-北京:中国建筑工业出版社,2024.08 |
| 390页:图;26cm.-(高等职业教育土建施工类专业BIM系列教材) |
| 住房和城乡建设部“十四五”规划教材 |
| ISBN 978-7-112-29869-3:CNY70.00 |
| 本书结合“擅识图、懂规范、精施工、会管理”的土建类专业岗位任职要求, 分为5个项目, 内容包括建筑设备工程、建筑给水排水工程、建筑暖通空调工程、建筑电气工程、建筑设备BIM综合应用。培养学生设备安装与土建施工间协调配合处理能力及精细化管理能力, 拓展并完善学生专业知识结构, 提升学生综合职业能力。 |
| ● |
| 相关链接 |
|
|
|
正题名:建筑设备安装与BIM实务
索取号:TU8-39/Z880
 
预约/预借
| 序号 | 登录号 | 条形码 | 馆藏地/架位号 | 状态 | 备注 |
| 1 | 1625386 | 216253863 | 建筑库201/201建筑库 49排2列4层/ [索取号:TU8-39/Z880] | 在馆 |